<?xml version="1.0" encoding="UTF-8"?>
<record
    xmlns:xsi="http://www.w3.org/2001/XMLSchema-instance"
    xsi:schemaLocation="http://www.loc.gov/MARC21/slim http://www.loc.gov/standards/marcxml/schema/MARC21slim.xsd"
    xmlns="http://www.loc.gov/MARC21/slim">

  <leader>00743nam a22002417a 4500</leader>
  <controlfield tag="003">UA-OsUOA</controlfield>
  <controlfield tag="001"> 62021 </controlfield>
  <controlfield tag="007">ta</controlfield>
  <controlfield tag="008">20090810b un ||||| |||| 00| 0 ukr d</controlfield>
  <datafield tag="100" ind1=" " ind2=" ">
    <subfield code="a">&#x413;&#x443;&#x440;&#x434;&#x436;&#x438; &#x42E;.</subfield>
  </datafield>
  <datafield tag="090" ind1=" " ind2=" ">
    <subfield code="a">343.131</subfield>
    <subfield code="b">&#x413;95</subfield>
  </datafield>
  <datafield tag="942" ind1=" " ind2=" ">
    <subfield code="c">BK</subfield>
  </datafield>
  <datafield tag="040" ind1=" " ind2=" ">
    <subfield code="a">UA-OsUOA</subfield>
    <subfield code="b">rus</subfield>
    <subfield code="c">UA-OsUOA</subfield>
    <subfield code="d">UA-OsUOA</subfield>
  </datafield>
  <datafield tag="245" ind1=" " ind2=" ">
    <subfield code="a">&#x41F;&#x440;&#x430;&#x432;&#x43E;&#x432;&#x430;&#x44F; &#x437;&#x430;&#x449;&#x438;&#x442;&#x430; &#x43B;&#x438;&#x447;&#x43D;&#x43E;&#x441;&#x442;&#x438; &#x432; &#x443;&#x433;&#x43E;&#x43B;&#x43E;&#x432;&#x43D;&#x43E;&#x43C; &#x43F;&#x440;&#x430;&#x446;&#x435;&#x441;&#x441;&#x435;: &#x432;&#x43E;&#x43F;&#x440;&#x43E;&#x441;&#x44B; &#x442;&#x435;&#x43E;&#x440;&#x438;&#x438; &#x438; &#x43C;&#x435;&#x442;&#x43E;&#x434;&#x43E;&#x43B;&#x43E;&#x433;&#x438;&#x438;.</subfield>
  </datafield>
  <datafield tag="300" ind1=" " ind2=" ">
    <subfield code="a">352 &#x441;.</subfield>
  </datafield>
  <datafield tag="955" ind1=" " ind2=" ">
    <subfield code="a">1</subfield>
  </datafield>
  <datafield tag="041" ind1=" " ind2=" ">
    <subfield code="a">rus</subfield>
  </datafield>
  <datafield tag="080" ind1=" " ind2=" ">
    <subfield code="a">343.131</subfield>
  </datafield>
  <datafield tag="020" ind1=" " ind2=" ">
    <subfield code="a">978-966-7799-89-2</subfield>
  </datafield>
  <datafield tag="260" ind1=" " ind2=" ">
    <subfield code="a">&#x41E;&#x434;&#x435;&#x441;&#x441;&#x430;</subfield>
    <subfield code="b">&#x41E;&#x420;&#x418;&#x413;&#x410; &#x41D;&#x410;&#x413;&#x423;</subfield>
    <subfield code="c">2007</subfield>
  </datafield>
  <datafield tag="650" ind1=" " ind2="7">
    <subfield code="a">343 &#x41A;&#x440;&#x438;&#x43C;&#x456;&#x43D;&#x430;&#x43B;&#x44C;&#x43D;&#x435; &#x43F;&#x440;&#x430;&#x432;&#x43E;. &#x41A;&#x430;&#x440;&#x43D;&#x456; &#x43F;&#x43E;&#x440;&#x443;&#x448;&#x435;&#x43D;&#x43D;&#x44F;</subfield>
    <subfield code="2">UDC</subfield>
  </datafield>
  <datafield tag="999" ind1=" " ind2=" ">
    <subfield code="c">348019</subfield>
    <subfield code="d">348019</subfield>
  </datafield>
  <datafield tag="952" ind1=" " ind2=" ">
    <subfield code="0">0</subfield>
    <subfield code="1">0</subfield>
    <subfield code="2">udc</subfield>
    <subfield code="4">0</subfield>
    <subfield code="7">0</subfield>
    <subfield code="a">102</subfield>
    <subfield code="b">102</subfield>
    <subfield code="d">2009-08-10</subfield>
    <subfield code="e">112/2009</subfield>
    <subfield code="g">25.00</subfield>
    <subfield code="i">122505</subfield>
    <subfield code="l">0</subfield>
    <subfield code="o">343.131 &#x413;95</subfield>
    <subfield code="p">122505</subfield>
    <subfield code="r">2022-02-06 00:00:00</subfield>
    <subfield code="w">2009-08-10</subfield>
    <subfield code="y">BK</subfield>
  </datafield>
</record>
